1073 1609 1511 1425 1975 1181 1550 1135 1312 1358 1473 1155 1477 1987 1014 1529 1215 1998 1045 1083 1106 1009 1662 1315 1105 1082 1740 1127 1111 1207 1320 1212 1874 1261 1632 1939 1610 1396 1094 1245 1384 1778 1566 1340 1019 1803 1283 1875 1224 1075 1481 1596 1963 1361 1702 1255 1935 1209 1939 1178 1097 1296 1996 1536 1306 1076 1625 1878 1663 1644 1846 1451 1933 1282 1210 1829 1441 1687 1295 1656 1834 1389 1404 1046 1506 1432 1590 1133 1544 1394 1875 1061 1347 1753 1971 1243 1141 1263 1899 BCNSPRNW ULIB Ver.6.0+V

เปลี่ยนเป็นภาษาไทย

Change to English
 แสดงรายละเอียดบรรณานุกรม
  กลับหน้าหลัก

Brief Record : Get Marc (ISO 2709) : E-mail record : QR code < ปิดหน้าต่าง
LEADER : 00000nam 2200000uu 4500
001    13399128834
003     ULIB
008    241009s2564||||th 000 0 tha d
020    ^a9789740339939
050  4 ^aHM251^bช647จ
100 0  ^aชูชัย สมิทธิไกร
245 10 ^aจิตวิทยาสังคม =^bSocial psychology /^cชูชัย สมิทธิไกร
246 31 ^aSocial psychology
250    ^aพิมพ์ครั้งที่ 2
260    ^aกรุงเทพฯ :^bสำนักพิมพ์จุฬาลงกรณ์มหาวิทยาลัย,^c2564
300    ^a311 หน้า :^bภาพประกอบ ;^c26 ซม.
504    ^aมีบรรณานุกรมและดัชนี
650  4 ^aจิตวิทยาสังคม
650  4 ^aทัศนคติ
945    ^p340^l0^i011049
945    ^p340^l0^i011050
945    ^p340^l0^i011051
999    ^aประนอม เกษจรัล
รายการนี้ยังไม่มีแท็ก
คุณยังไม่ได้ล็อกอิน คุณสามารถมีกิจกรรมร่วมกับเว็บไซต์ได้ แต่ต้องล็อกอินก่อน ::
  ล็อกอิน

รายการสื่อสารสนเทศ

ลำดับที่ ประเภท เลขเรียก/บาร์โค้ด สถานที่ สถานะ
1. การศึกษาทั่วไป
หนังสือสำรอง
สถานะ=หนังสือสำรอง
HM251 ช647จ ฉ.1 
  Barcode: 011049
ห้องสมุดวิทยาเขตสวรรค์ประชารักษ์
►หนังสือทั่วไป
บนชั้น
2. การศึกษาทั่วไป
การศึกษาทั่วไป
HM251 ช647จ ฉ.2 
  Barcode: 011050
ห้องสมุดวิทยาเขตสวรรค์ประชารักษ์
►หนังสือทั่วไป
บนชั้น
3. การศึกษาทั่วไป
การศึกษาทั่วไป
HM251 ช647จ ฉ.3 
  Barcode: 011051
ห้องสมุดวิทยาเขตสวรรค์ประชารักษ์
►หนังสือทั่วไป
บนชั้น

รายการใกล้เคียง
    ผู้แต่ง [ชูชัย สมิทธิไกร]

    หัวเรื่อง [จิตวิทยาสังคม]
    หัวเรื่อง [ทัศนคติ]

BibComment


ยังไม่เคยถูกคอมเมนท์

คอมเมนท์ทรัพยากรรายการนี้
  คอมเมนท์: จิตวิทยาสังคม S..


 Copyright 2026. Bcnsprnw @Library